000 00682nam a2200289Ia 4500
005 20260324150812.0
008 008 260324s9999 xx 000 0 eng d
020 _a9780429448218
037 _aEBOOK
040 _aCRL
040 _beng
040 _cCRL
041 _2eng
041 _aeng
084 _qCRL
100 _aJ. Raymond Walsh
_91227656
245 0 _aLabour's Battle in the U.S.A
245 0 _bhe Fight for Industrial Unionism
260 _bTaylor and Francis
260 _c1938
365 _a
365 _b205
856 _uhttp://www.taylorfrancis.com/books/9780429448218
942 _cEBOOK
999 _c1837769
_d1837769